Cartas del venerable Luis María Baudouin, fundador de los Hijos de María Inmaculada y de las Ursulinas de Jesús. (Record no. 31367)

MARC details
000 -LEADER
campo de control de longitud fija 00682nam a2200193 i 4500
001 - NÚMERO DE CONTROL
campo de control 31367
003 - IDENTIFICADOR DE NÚMERO DE CONTROL
campo de control ES-MaACL
005 - FECHA Y HORA DE LA ÚLTIMA TRANSACCIÓN
campo de control 20250808012148.0
007 - CAMPO FIJO DE DESCRIPCIÓN FÍSICA--INFORMACIÓN GENERAL
campo de control de longitud fija t|
008 - DATOS DE LONGITUD FIJA--INFORMACIÓN GENERAL
campo de control de longitud fija 030129s1956 sp ||||1| spa d
100 1# - ENTRADA PRINCIPAL--NOMBRE DE PERSONA
Nombre de persona Baudouin, Louis Marie.
9 (RLIN) 26532
245 10 - MENCIÓN DEL TÍTULO
Título Cartas del venerable Luis María Baudouin, fundador de los Hijos de María Inmaculada y de las Ursulinas de Jesús.
Número de parte o sección de la obra 1,
Nombre de parte o sección de la obra Cartas sobre la vida religiosa /
Mención de responsabilidad, etc. Louis Marie Baudouin ; publicadas por A. Duret.
260 ## - PUBLICACIÓN, DISTRIBUCIÓN, ETC.
Lugar de publicación, distribución, etc. Pamplona :
Nombre del editor, distribuidor, etc. Aramburu,
Fecha de publicación, distribución, etc. 1956.
300 ## - DESCRIPCIÓN FÍSICA
Extensión 296 p. ;
Dimensiones 20 cm.
650 #7 - PUNTO DE ACCESO ADICIONAL DE MATERIA--TÉRMINO DE MATERIA
Término de materia o nombre geográfico como elemento de entrada Vida religiosa
Fuente del encabezamiento o término embne
9 (RLIN) 154946
700 1# - ENTRADA AGREGADA--NOMBRE PERSONAL
Nombre de persona Duret, A.
9 (RLIN) 46289
852 ## - LOCALIZACIÓN
Ubicación ES-MaACL
Número de control de estantería P-833
Holdings
Estatus retirado Estado de pérdida Estado de daño No para préstamo Biblioteca de origen Biblioteca actual Ubicación en estantería Fecha de adquisición Fuente de adquisición Total de préstamos Signatura topográfica completa Código de barras Visto por última vez Precio de reemplazo Tipo de ítem Koha
        Biblioteca del Ateneo de Madrid Biblioteca del Ateneo de Madrid Depósito 2 17/01/2008     P-833 1032415 23/02/2023 23/02/2023 Libro impreso